Normal view
MARC view
- Professor Muhammad Siddique Qureshi
Entry Personal Name
001 - CONTROL NUMBER
- control field: 48420
003 - CONTROL NUMBER IDENTIFIER
- control field: NUST
005 - DATE AND TIME OF LATEST TRANSACTION
- control field: 20210314134042.0
008 - FIXED-LENGTH DATA ELEMENTS
- fixed length control field: 210314|| aca||aabn | a|a d
040 ## - CATALOGING SOURCE
- Original cataloging agency: NUST
- Transcribing agency: NUST
100 ## - HEADING--PERSONAL NAME
- Personal name: Professor Muhammad Siddique Qureshi
670 ## - SOURCE DATA FOUND
- Source citation: Work cat.: (NUST): Ghulam Raza Khan, Maj 48419, A comparative study of cone penetration test (CPT) and standard penetration test (SPT) for typical soils of Lahore, 1994
